00353nam a2200121Ia 4500008004100000082001600041100001800057245001700075260002700092300001000119630001800129650008400147211109s9999||||xx |||||||||||||| ||und|| a823 bELI-S aEliot, George 0aSilas Marner bLongmansaLondonc1945 a254p. xGeneral Stack aEnglish LiteraturevEnglish FictionEnglish NovelEngish Short StoriesxGeneralia